Manual de derecho penal: parte especial

Na minha lista:
Detalhes bibliográficos
Autor principal: Bustos Ramírez, Juan (Author)
Formato: Livro
Idioma:espanhol
Publicado em: Barcelona Ariel 1991
Edição:2a. ed
Colecção:Ariel Derecho. Serie Derecho Penal
Assuntos:
Tags: Adicionar Tag
Sem tags, seja o primeiro a adicionar uma tag!

MARC

LEADER 00000nam a2200000 a 4500
001 UCZ8330
003 CL-VaPUC
008 960119e19910000SP |||||||||||||||||spa|d
082 0 4 |a 345.46  |b BUS  |2 21 
100 |a Bustos Ramírez, Juan  |e author  |9 295262 
245 1 0 |a Manual de derecho penal: parte especial 
250 |a 2a. ed 
300 |a 413 p 
942 |c BK 
945 |d 19960119 00:00:00  |a mcarcey 
260 |a Barcelona  |b Ariel  |c 1991 
650 7 |a DERECHO PENAL  |2 CL-VaPUC  |9 11 
650 0 |a Derecho procesal penal  |9 255496 
650 0 |a Delitos  |9 224143 
583 |a last modification  |c 19960119 00:00:00  |k Rodrigo Vera 
490 0 |a Ariel Derecho. Serie Derecho Penal 
999 |c 244259  |d 244257 
952 |0 0  |1 0  |4 0  |6 345_460000000000000_BUS_1991  |7 0  |8 A  |9 258261  |a BIBDER  |b BIBDER  |d 2019-11-19  |i 3170675  |l 2  |o 345.46 BUS 1991  |p 3170675  |r 2024-11-21  |s 2024-11-21  |w 2019-11-19  |y BK  |k DER